00454 a2200169 4500260002700000245006900027300001100096260001000107650003500117260000900152300004800161130000800209035000900217250001700226100002300243700001800266 bEd. Agriculture et vie aGuide pratique de culture biologique : Méthode Lemaire-Boucher a287 p. aAnger aBiologie-Guides, manuels, etc. c1972 bill. (part. en coul., portr., fig. ; 28 cm lFr. a4442 a1ère éd. aSAINT HENIS, A. de aBOUCHER, Jean